Formula one drivers line-up 2004 - Statistics

General Stats
  • This quiz has been taken 123 times
  • The average score is 19 of 26
Answer Stats
Constructor Rounds Driver Nationality % Correct
Ferrari All Michael Schumacher Germany
98%
Williams 1-9, 16-18 Ralf Schumacher Germany
94%
Ferrari All Rubens Barrichello Brazil
91%
Renault All Fernando Alonso Spain
90%
Williams All Juan Pablo Montoya Colombia
89%
BAR All Jenson Button UK
88%
McLaren All Kimi Räikkönen Finland
88%
McLaren All David Coulthard UK
85%
Renault 1-15 Jarno Trulli Italy
85%
Toyota 17-18 Jarno Trulli Italy
85%
BAR All Takuma Sato Japan
85%
Renault 16-18 Jacques Villeneuve Canada
84%
Jaguar All Mark Webber Australia
84%
Sauber All Felipe Massa Brazil
83%
Sauber All Giancarlo Fisichella Italy
81%
Jordan All Nick Heidfeld Germany
69%
Jaguar All Christian Klien Austria
68%
Minardi All Zsolt Baumgartner Hungary
66%
Williams 10-11 Marc Gené Spain
58%
Toyota 13-16, 18 Ricardo Zonta Brazil
58%
Williams 12-15 Antônio Pizzonia Brazil
56%
Toyota 1-17 Olivier Panis France
56%
Jordan 8, 16-18 Timo Glock Germany
53%
Toyota 1-12 Cristiano da Matta Brazil
50%
Minardi All Gianmaria Bruni Italy
48%
Jordan 1-15* Giorgio Pantano Italy
44%
No matching quizzes found
Score Distribution
Percent of People with Each Score
Percentile by Number Answered
Your Score History
You have not taken this quiz